000 00446nam a2200169Ia 4500
008 131103s9999 xx 000 0 und d
040 _aLoreto College
041 _aEnglish
082 _aREF
_bLCBED
100 _aRobbin, Irving
245 4 _aThe how and why wonder book of caves to skyscrapers
_cIrving Robbin
260 _aLondon
_bTransworld
_c1971
300 _a48p.
_b pic.
_c 26cm.
650 _aREF
850 _aLCBED/REF
942 _cBK
999 _c33905
_d84384